Advanced economic theory : (Record no. 3395)

MARC details
000 -LEADER
fixed length control field 00529nam a2200193 4500
003 - CONTROL NUMBER IDENTIFIER
control field OSt
005 - DATE AND TIME OF LATEST TRANSACTION
control field 20160331184054.0
008 - FIXED-LENGTH DATA ELEMENTS--GENERAL INFORMATION
fixed length control field 160331b xxu||||| |||| 00| 0 eng d
040 ## - CATALOGING SOURCE
Transcribing agency 040a
082 ## - DEWEY DECIMAL CLASSIFICATION NUMBER
Classification number 330
Item number JHI 2001
100 ## - MAIN ENTRY--PERSONAL NAME
Personal name Jhingan, M.L
9 (RLIN) 7574
245 ## - TITLE STATEMENT
Title Advanced economic theory :
Remainder of title micro and macro economics /
Statement of responsibility, etc. M. L Jhingan
250 ## - EDITION STATEMENT
Edition statement 11th.ed
260 ## - PUBLICATION, DISTRIBUTION, ETC. (IMPRINT)
Place of publication, distribution, etc. New Delhi
Name of publisher, distributor, etc. Vrinda publications
Date of publication, distribution, etc. 2001
300 ## - PHYSICAL DESCRIPTION
Extent x, 1121p;
Other physical details ill :
Dimensions 12 cm
504 ## - BIBLIOGRAPHY, ETC. NOTE
Bibliography, etc Includes index
650 ## - SUBJECT ADDED ENTRY--TOPICAL TERM
Topical term or geographic name as entry element Economics
9 (RLIN) 975
942 ## - ADDED ENTRY ELEMENTS (KOHA)
Source of classification or shelving scheme Dewey Decimal Classification
Koha item type Short Loan
Holdings
Withdrawn status Lost status Source of classification or shelving scheme Damaged status Not for loan Home library Current library Date acquired Inventory number Total Checkouts Full call number Barcode Date last seen Price effective from Koha item type Source of acquisition
    Dewey Decimal Classification     MUST Main Library MUST Main Library 31/03/2016 2003/19532   330 JHI 2001 2016-0605 31/03/2016 31/03/2016 Short Loan  
    Dewey Decimal Classification     MUST Main Library MUST Main Library 20/04/2016 08/19531   330 JHI 2001 2016-1075 20/04/2016 20/04/2016 Short Loan